| 000 | 00621cam a2200217u 4500 | ||
|---|---|---|---|
| 001 | 6586830 | ||
| 003 | PILC | ||
| 005 | 20150905095722.0 | ||
| 008 | 821015s1965 nyua 000 0 eng | ||
| 010 | _a 65006595 | ||
| 040 |
_aDLC _cCarP _dDLC |
||
| 050 | 0 | 0 |
_aHG 179 _b.H514 1968 |
| 100 | 1 | _aHenle, Faye. | |
| 245 | 1 | 0 |
_aHow to manage your money / _cFaye Henle. |
| 260 |
_aGarden City, N.Y. : _bN. Doubleday, _c1965. |
||
| 300 |
_a64 pages : _billustrations ; _c24 cm. |
||
| 650 | 0 | _aFinance, Personal. | |
| 650 | 0 | _aWomen consumers. | |
| 906 |
_a0 _bcbc _cpremunv _du _encip _f19 _gy-gencatlg |
||
| 942 |
_2lcc _cBK _kFOR |
||
| 999 |
_c284692 _d284692 |
||